Normal view
MARC view
Entry Personal Name
001 - CONTROL NUMBER
- control field: 54334
003 - CONTROL NUMBER IDENTIFIER
- control field: OSt
005 - DATE AND TIME OF LATEST TRANSACTION
- control field: 20250612163902.0
008 - FIXED-LENGTH DATA ELEMENTS
- fixed length control field: 250612|| aca||aabn | a|a d
040 ## - CATALOGING SOURCE
- Original cataloging agency: OSt
- Transcribing agency: OSt
100 ## - HEADING--PERSONAL NAME
- Personal name: Ferdous, J., Bhuiyan, M.D.I. and Kha, N.A.
670 ## - SOURCE DATA FOUND
- Source citation: Work cat.: (OSt)526734: Ferdous, J., Bhuiyan, M.D.I. and Kha, N.A. , Exploring the performance of and the citizens’ trust in local government institutions (LGIS) at the grassroots: Views from Bangladesh
